Statistics for Countries of Oceania by First Two Letters

Click here to take the quiz!

General Stats

  • This quiz has been taken 52 times
    (50 since last reset)
  • The average score is 13 of 14

Answers on the Map

Answers color-coded by a green-red scale on the quiz's map according to % correct below.
 

Answer Stats

Answer% Correct
New Zealand
100%
Palau
100%
Papua New Guinea
100%
Australia
97%
Solomon Islands
97%
Vanuatu
97%
Fiji
95%
Marshall Islands
95%
Samoa
95%
Tonga
95%
Tuvalu
92%
Kiribati
90%
Nauru
90%
Federated States of Micronesia
79%

Score Distribution

Percentile by Number Answered

Percent of People with Each Score

Your Score History

You have not taken this quiz since the last reset